00381 a2200145 4500003000400000005001700004008004100021020001800062040000900080082001500089100002100104245005800125260004200183300001000225OSt20230912140704.0230902b |||||||| |||| 00| 0 eng d a9788189301248 coclc a330bSHI/T aShirur, Sriniwas aTRUEMAN'S NTA UGC NET ECONOMICS / cSriniwas Shirur aNew Delhi:bDanika Publishing,c2024. a824 p